Note on campylopterus excellens in Southern Veracruz, With a guide to sexing captured individuals (Registro nro. 9440)

Detalles MARC
000 -CABECERA
Campo de control 005910000a22001810004500
090 ## - CLASIFICACIÓN LOCAL
Colección AR
Consecutivo 00342
041 0# - IDIOMA
Código de idioma para texto/pista de sonido o título separado
100 1# - ASIENTO PRINCIPAL--NOMBRE PERSONAL
Nombre personal Winker, Kevin
245 10 - MENCION DE TITULO
Título Note on campylopterus excellens in Southern Veracruz, With a guide to sexing captured individuals
650 14 - ASIENTO SECUNDARIO DE MATERIA - TERMINO TEMATICO
Término temático o nombre geográfico como elemento de entrada Aves
650 14 - ASIENTO SECUNDARIO DE MATERIA - TERMINO TEMATICO
Término temático o nombre geográfico como elemento de entrada Endemismo
650 14 - ASIENTO SECUNDARIO DE MATERIA - TERMINO TEMATICO
Término temático o nombre geográfico como elemento de entrada Biología
650 14 - ASIENTO SECUNDARIO DE MATERIA - TERMINO TEMATICO
Término temático o nombre geográfico como elemento de entrada Reproducción animal
651 #4 - ASIENTO SECUNDARIO DE MATERIA - NOMBRE GEOGRAFICO
-- Istmo de Tehuantepec
-- México
653 ## - TERMINO DE INDIZACION - NO CONTROLADO
-- Campylopterus
-- Campylopterus excellens
773 1# - Item fuente:
Título Journal Field Ornithology
Especificación de materiales 130
Descripción física 3
Paginas del Articulo 339-343
Lugar, editorial y fecha de publicación 1992
Información sobre la relación 63
942 ## - ELEMENTOS ADICIONALES (KOHA)
Tipo de ítem Artículo
Existencias
Withdrawn status Lost status Damaged status No para préstamo Colección Ubicación Permanente Ubicación actual Fecha de adquisición Fuente de Valor Datos de publicación Seriada Total Checkouts Número topográfico Inventario / Código de Barras Date last seen Ejemplar Price effective from Forma de adquisición Tipo de material
      No para Préstamo Hemeroteca Bogotá Bogotá 27/02/2015 Franco, Ana María Fuera de circulación   AR 00342 010595 25/03/2015 1 25/03/2015   Artículo